Music Quiz

Random Music or Taylor Swift Quiz

Taylor Swift's Bad Blood Video Cameos Quiz Stats

 Plays Quiz not verified by Sporcle

Challenge
Share
Tweet
Embed
Score 0/17 Timer 15:00
0 Plays Today
Video Nickname Woman % Correct
ArysnSelena Gomez
91.1%
Cut ThroatZendaya Coleman
73.3%
Destructa XEllie Goulding
67.3%
KnockoutKarlie Kloss
64.4%
Lucky FioriLena Dunham
63.4%
Slay-ZGigi Hadid
63.4%
HeadmistressCindy Crawford
63.4%
The Crimson CurseHayley Williams
61.4%
Welvin Da GreatKendrick Lamar
61.4%
Video Nickname Woman % Correct
DominoJessica Alba
58.4%
The TrinityHailee Steinfeld
56.4%
LunaEllen Pompeo
53.5%
Mother ChuckerCara Delevigne
52.5%
FrostbyteLily Aldridge
49.5%
JusticeMariska Hargitay
48.5%
HomesliceMartha Hunt
46.5%
DilemmaSerayah McNeill
18.8%

You're not logged in!

Compare scores with friends on all Sporcle quizzes.
OR
Log In

You Might Also Like...

Show Comments

Extras

Top Quizzes Today


Score Distribution

Your Account Isn't Verified!

In order to create a playlist on Sporcle, you need to verify the email address you used during registration. Go to your Sporcle Settings to finish the process.

Report this User

Report this user for behavior that violates our Community Guidelines.

Details: